| 000 | 00878nam a22002651c 4500 | ||
|---|---|---|---|
| 001 | a987693716 | ||
| 008 | 200406s2020 gw |||| 000u ger d | ||
| 020 |
_a9783447114035 _9978-3-447-11403-5 |
||
| 041 | _ager | ||
| 245 | 0 | 0 |
_aKulturtransfer in der Provinz : _bWilna als Ort deutscher Kultur und Wissenschaft (1803-1832) / _cHerausgegeben von Monika Bednarczuk ; Mit Beiträgen von Monika Bednarczuk, Katarzyna Filutowska, Marta Kopij-Weiß und Mirja Lecke |
| 264 |
_aWiesbaden : _bHarrassowitz, _c2020 |
||
| 300 | _a251 Seiten | ||
| 648 | 0 | _a1803-1832 | |
| 650 | 0 | _aDeutsche | |
| 650 | 0 | _aGeisteswissenschaften | |
| 650 | 0 | _aKulturvermittlung | |
| 650 | 0 | _aLiteratur | |
| 650 | 0 | _aNaturwissenschaften | |
| 650 | 0 | _aPhilosophie | |
| 651 | 0 | _aVilnius | |
| 700 | 1 |
_aBednarczuk, Monika _eHerausgeberIn |
|
| 942 | _cMG | ||
| 040 | _cRU-10907106 | ||
| 003 | RU-10907106 | ||
| 999 |
_c31321 _d31321 |
||